000 00352pam a2200133 a 4500
020 _c
041 _h
082 _a741
_bBAR
100 _aBarrington Bartser .
245 _aDraw Like the Masters Be inspired by Great Artist of the Past
_hTextual Documents
260 _a[s.l]:
_bArcturus London,
_c2014.
300 _a128:
_bPaper.
930 _a7445
999 _c241235
_d241235